Поляки на Волині у роки Другої світової війни (Запис № 351840)

МАРК-запис
000 -Лідер
fixed length control field 01037nam a22002657a 4500
001 - Контрольний номер
control field 66057
003 - Ідентифікатор контрольного номера
control field UA-OsUOA
005 - Дата та час останнього входження (трансакції)
control field 20230405150019.0
007 - Фіксоване поле фізичного опису
fixed length control field ta
008 - Елементи даних фіксованої довжини – загальна інформація
fixed length control field 20091217b un ||||| |||| 00| 0 ukr d
020 ## - Міжнародний стандартний книжковий номер (ISBN)
Міжнародний стандартний книжковий номер (ISBN) (НП) 9667060487
040 ## - Джерело каталогізації
Агенція оригінальної каталогізації UA-OsUOA
Мова каталогізації ukr
Агенція, яка здійснювала перезапис UA-OsUOA
Агенція, яка здійснювала модифікацію UA-OsUOA
041 ## - Код мови
Код мови тексту/ звукової доріжки чи окремого заголовка (П) ukr
080 ## - Індекс Універсальної десяткової класифікації
Індекс Універсальної десяткової класифікації (УДК) (НП) 908(477.82+438)
090 ## - Локальний шифр розміщення
Класифікаційний індекс УДК 908(477.82+438)
Авторський знак (НП) С32
100 ## - Основне введення – ім’я особи
Ім’я особи (НП) Сергійчук В.
110 ## - Наймення організації – загальна інформація
Найменування колективу або юрисдикції як початковий елемент введення Київський національний університет імені Тараса Шевченка
Структурний підрозділ Центр українознавства
245 ## - Відомості про назву
Назва (НП) Поляки на Волині у роки Другої світової війни
Решта назви (НП) документи з українських архівів і польські публікації
Дані про відповідальність (НП) Володимир Сергійчук
260 ## - Публікація, розповсюдження і т.п. (Вихідні дані)
Місце публікації, розповсюдження і т.п. (П) К.
Ім’я/ наймення видавництва, розповсюджувача і т.п. (П) УВС
Дата публікації, розповсюдження і т.п. (П) 2003
300 ## - Фізичний опис
Обсяг 576 с.
650 #7 - Додаткове предметне введення – тематичний термін
Тематичний термін чи географічна назва, як елемент введення (НП) 908 Краєзнавство
Джерело заголовка чи терміна UDC
942 ## - Додаткові елементи входу (Коха)
Тип елемента Koha Книги
Source of classification or shelving scheme Universal Decimal Classification
955 ## - Код типу видання за змістом
Код типу видання за змістом (НП) Навчальні видання
Фонди
Стан вилучень Стан втрат Джерело класифікації або схеми стелажів Стан уражень Не для кредиту Код колекції Постійне місце розташування Поточне розміщення Дата придбання Джерело придбання Вартість, звичайна ціна покупки Інвентарний номер Усього замовленно Повний номер виклику Штрих-код Дата останнього перегляду Ціна ефективна від Тип елемента Koha Вартість, ціна заміни
    Universal Decimal Classification       АБ - Абонемент НБ АБ - Абонемент НБ 05/04/2023 №11/05.04.2023 25.00     908(477.82+438) С32 165772 05/04/2023 05/04/2023 Книги 25.00
    Universal Decimal Classification       Наукова бібліотека ІДУД Наукова бібліотека ІДУД 19/09/2017 335/2017 1.00 2139403   94(477).09 С32 2139403 15/09/2019 19/09/2017 Книги  
    Universal Decimal Classification     Колекція Жулинського М.Г. ЧЗ - Читальна зала ЧЗ - Читальна зала 17/12/2009 132/2009 25.00 125296   908(477.82+438) С32 125296 06/02/2022 17/12/2009 Книги  
    Universal Decimal Classification       ЧЗ - Читальна зала ЧЗ - Читальна зала 18/05/2016 21/2016 25.00 151202   908(477.82+438) С32 151202 07/02/2022 17/12/2009 Книги